[Event "Caplin British Online"]
[Site "Chess.com INT"]
[Date "2021.01.03"]
[Round "9"]
[White "Idle, Oscar J"]
[Black "Shafi, Declan"]
[Result "1/2-1/2"]
[WhiteElo "1722"]
[BlackElo "2166"]
[PlyCount "201"]
[EventDate "2020.12.21"]
[EventType "swiss"]
[EventRounds "9"]
[EventCountry "GBR"]
[SourceTitle "CBM 200 Extra"]
[Source "ChessBase"]
[SourceDate "2021.03.31"]
[SourceVersion "1"]
[SourceVersionDate "2021.03.31"]
[SourceQuality "1"]

1. d4 Nf6 2. Bg5 e6 3. e4 h6 4. Bxf6 Qxf6 5. Nc3 Bb4 6. Qd3 b6 7. a3 Ba6 8. Qe3 Bxc3+ 9. Qxc3 c5 10. Nf3 Bxf1 11. Rxf1 Nc6 12. e5 Qe7 13. 0-0-0 0-0 14. d5 exd5 15. Rxd5 f6 16. Rfd1 fxe5 17. Rxd7 Qf6 18. Qc4+ Kh8 19. R7d6 Na5 20. Qd5 Qf4+ 21. Kb1 Nc4 22. Rd7 a5 23. b3 Nxa3+ 24. Kb2 Nb5 25. Nxe5 Qf6 26. c4 Rae8 27. f4 Nd4 28. Rxd4 cxd4 29. Rd6 Rxe5 30. Rxf6 Re2+ 31. Ka3 Rxf6 32. Qd8+ Kh7 33. Qxd4 Rxg2 34. Qe4+ Rgg6 35. h4 h5 36. Qe5 Kh6 37. Qe3 Rf5 38. Qe8 Kh7 39. Qe4 Rgf6 40. Qd3 Kh6 41. Qd8 Rxf4 42. Qh8+ Kg6 43. Qe8+ Rf7 44. Qd8 R7f6 45. Qe8+ Kh7 46. Qe1 Rg4 47. Qb1+ Kg8 48. Qe1 Kf7 49. Qh1 Kg6 50. Qe1 Kh7 51. Qb1+ Kh6 52. Qe1 Rff4 53. Qe6+ Rg6 54. Qe3 Rgf6 55. Qe1 g5 56. hxg5+ Kxg5 57. Qg1+ Kh6 58. Qg8 h4 59. Qh8+ Kg5 60. Qg8+ Kh5 61. Qe8+ Kg4 62. Qc8+ Kg3 63. Qg8+ Kh2 64. b4 Rf3+ 65. Ka4 axb4 66. Kxb4 h3 67. Qg4 R6f4 68. Qg6 Rg3 69. Qd6 Rf2 70. Qd4 Rgf3 71. Qd6+ Kh1 72. Qg6 Rb2+ 73. Ka4 h2 74. Qg4 Ra2+ 75. Kb4 Raa3 76. Kb5 Rab3+ 77. Ka4 Rbd3 78. Kb5 Rf6 79. Qg5 Rdf3 80. Qg4 R6f4 81. Qg6 Rf5+ 82. Kb4 Rf2 83. Qg3 b5 84. cxb5 R5f3 85. Qg5 Rg2 86. Qc1+ Rg1 87. Qd2 Rg4+ 88. Ka5 Kg1 89. Qe1+ Kg2 90. Qe2+ Kg3 91. Qe1+ Kh3 92. b6 Rg1 93. Qe6+ Kg2 94. Qg4+ Kf2 95. Qh4+ Kg2 96. Qg4+ Rg3 97. Qe2+ Kh3 98. Qh5+ Kg2 99. Qe2+ Kh3 100. Qh5+ Kg2 101. Qe2+ 1/2-1/2

[Event "Caplin British Online"]
[Site "Chess.com INT"]
[Date "2020.12.30"]
[Round "7"]
[White "Arora, Tashika"]
[Black "Idle, Oscar J"]
[Result "0-1"]
[WhiteElo "1744"]
[BlackElo "1722"]
[PlyCount "86"]
[EventDate "2020.12.21"]
[EventType "swiss"]
[EventRounds "9"]
[EventCountry "GBR"]
[SourceTitle "CBM 200 Extra"]
[Source "ChessBase"]
[SourceDate "2021.03.31"]
[SourceVersion "1"]
[SourceVersionDate "2021.03.31"]
[SourceQuality "1"]

1. d4 d5 2. Nf3 Nf6 3. c4 c6 4. Nc3 e6 5. cxd5 exd5 6. g3 Bd6 7. Bg2 0-0 8. 0-0 Re8 9. Qc2 Nbd7 10. Rd1 Qe7 11. e3 a5 12. Bd2 Nb6 13. Re1 Ne4 14. Bc1 f5 15. Nd2 Qg5 16. Qb3 Bc7 17. Ndxe4 fxe4 18. a4 Kh8 19. Qc2 Re6 20. h4 Qe7 21. b3 Rg6 22. Ba3 Qf6 23. Rf1 Bg4 24. Bc5 Nd7 25. Ba3 Rc8 26. Ne2 Rh6 27. Rfc1 g5 28. hxg5 Qxg5 29. Kf1 Bf3 30. Ng1 Bxg2+ 31. Kxg2 Rg8 32. Kf1 Bxg3 33. Ke1 Qxe3+ 34. Qe2 Bxf2+ 35. Kd1 Rxg1+ 36. Kc2 Qxe2+ 37. Kb1 Rxc1+ 38. Bxc1 Rh3 39. Ra3 Bxd4 40. Ra2 Rxb3+ 41. Rb2 Rxb2+ 42. Ka1 Rb5+ 43. Bb2 Qxb2# 0-1

[Event "Caplin British Online"]
[Site "Chess.com INT"]
[Date "2020.12.27"]
[Round "4"]
[White "Idle, Oscar J"]
[Black "Finn, Peter"]
[Result "1-0"]
[WhiteElo "1722"]
[BlackElo "1959"]
[PlyCount "111"]
[EventDate "2020.12.21"]
[EventType "swiss"]
[EventRounds "9"]
[EventCountry "GBR"]
[SourceTitle "CBM 200 Extra"]
[Source "ChessBase"]
[SourceDate "2021.03.31"]
[SourceVersion "1"]
[SourceVersionDate "2021.03.31"]
[SourceQuality "1"]

1. d4 d5 2. c4 e6 3. Nf3 Nf6 4. g3 Be7 5. Bg2 0-0 6. 0-0 dxc4 7. Qc2 b5 8. a4 b4 9. Qxc4 Ba6 10. Qc2 Nbd7 11. Ne5 Nxe5 12. Bxa8 Qxd4 13. Bg2 c5 14. Rd1 Qg4 15. f3 Qc4 16. Qxc4 Bxc4 17. f4 Ng6 18. e4 Bb3 19. Re1 Rd8 20. Nd2 Bc2 21. e5 Ng4 22. Nc4 Bd3 23. Ne3 Nxe3 24. Bxe3 c4 25. Bxa7 c3 26. b3 f6 27. Bb6 Rc8 28. a5 c2 29. Bb7 Rb8 30. a6 Bxa6 31. Bxa6 Rxb6 32. Bd3 fxe5 33. fxe5 Bc5+ 34. Kg2 Rb8 35. Bxg6 hxg6 36. Rac1 Bd4 37. Rxc2 Bc3 38. Re4 Ra8 39. Rc4 Ra5 40. Rc8+ Kf7 41. Rf2+ Ke7 42. Rc7+ Ke8 43. Rxg7 Bxe5 44. Rxg6 Ke7 45. h4 Ra3 46. Re2 Bf6 47. Re3 Ra6 48. h5 Bc3 49. h6 Kf7 50. Rg4 e5 51. Rf3+ Ke7 52. h7 Rh6 53. Rh4 Rxh4 54. gxh4 e4 55. Rxc3 bxc3 56. h8Q 1-0

[Event "Caplin British Online"]
[Site "Chess.com INT"]
[Date "2020.12.21"]
[Round "1"]
[White "Tanmay, Chopra"]
[Black "Idle, Oscar J"]
[Result "1-0"]
[WhiteElo "2273"]
[BlackElo "1722"]
[PlyCount "61"]
[EventDate "2020.12.21"]
[EventType "swiss"]
[EventRounds "9"]
[EventCountry "GBR"]
[SourceTitle "CBM 200 Extra"]
[Source "ChessBase"]
[SourceDate "2021.03.31"]
[SourceVersion "1"]
[SourceVersionDate "2021.03.31"]
[SourceQuality "1"]

1. d4 d5 2. c4 c6 3. Nc3 Nf6 4. e3 e6 5. Nf3 Nbd7 6. b3 Bb4 7. Bd2 0-0 8. Bd3 Qe7 9. cxd5 exd5 10. 0-0 Re8 11. Qc2 Bxc3 12. Bxc3 Ne4 13. Bb2 Ndf6 14. Ne5 a5 15. a3 Be6 16. Rae1 Nd6 17. f3 h6 18. e4 a4 19. b4 dxe4 20. fxe4 Bb3 21. Qc1 Rac8 22. Qf4 Nd7 23. Nf3 Nc4 24. Bc1 b6 25. e5 Nf8 26. Qg3 Kh8 27. Re4 Ng6 28. Nh4 Rcd8 29. Nxg6+ fxg6 30. Qxg6 Rf8 31. Ref4 1-0

[Event "BCF-chT3Sd 1516 (4NCL)"]
[Site "England"]
[Date "2016.05.02"]
[Round "11.99"]
[White "Smith, Graham M"]
[Black "Idle, Oscar J"]
[Result "1-0"]
[WhiteElo "2031"]
[BlackElo "1765"]
[PlyCount "69"]
[EventDate "2016.03.20"]
[EventType "team-swiss"]
[EventRounds "11"]
[EventCountry "ENG"]
[SourceTitle "EXT 2017"]
[Source "ChessBase"]
[SourceDate "2016.10.25"]
[SourceVersion "1"]
[SourceVersionDate "2016.10.25"]
[SourceQuality "1"]
[WhiteTeam "MK Phoenix II"]
[BlackTeam "Oxford II"]
[WhiteTeamCountry "ENG"]
[BlackTeamCountry "ENG"]

1. Nf3 Nf6 2. d4 e6 3. c4 Bb4+ 4. Bd2 Qe7 5. a3 Bxd2+ 6. Qxd2 b6 7. g3 Bb7 8. Bg2 0-0 9. 0-0 d5 10. cxd5 exd5 11. Nc3 Nbd7 12. Rac1 c5 13. Rfd1 Rfe8 14. Nh4 Ne4 15. Nxe4 dxe4 16. Nf5 Qf6 17. Bh3 Rad8 18. d5 Re5 19. Ne3 Qh6 20. Bg2 f5 21. d6 f4 22. Ng4 Qg5 23. Nxe5 e3 24. Bd5+ Kf8 25. Nxd7+ Rxd7 26. fxe3 fxg3 27. Bxb7 Rxb7 28. Rf1+ Kg8 29. Rf3 gxh2+ 30. Kxh2 Qh5+ 31. Kg2 Qg4+ 32. Rg3 Qe4+ 33. Kg1 Qe6 34. Rd1 Rd7 35. Qd5 1-0

[Event "BCF-chT3Sa 1516 (4NCL)"]
[Site "England"]
[Date "2016.03.19"]
[Round "7.57"]
[White "Idle, Oscar J"]
[Black "Trevelyan, John"]
[Result "1-0"]
[WhiteElo "1765"]
[BlackElo "2087"]
[PlyCount "99"]
[EventDate "2015.11.14"]
[EventType "team-swiss"]
[EventRounds "7"]
[EventCountry "ENG"]
[SourceTitle "EXT 2017"]
[Source "ChessBase"]
[SourceDate "2016.10.25"]
[SourceVersion "1"]
[SourceVersionDate "2016.10.25"]
[SourceQuality "1"]
[WhiteTeam "Oxford II"]
[BlackTeam "Rhyfelwyr Essyllwg"]
[WhiteTeamCountry "ENG"]
[BlackTeamCountry "ENG"]

1. d4 d6 2. Nf3 Bg4 3. c4 Nd7 4. Bf4 g6 5. h3 Bxf3 6. exf3 Bg7 7. Nc3 e5 8. dxe5 Bxe5 9. Qe2 Ne7 10. Bd2 0-0 11. f4 Bg7 12. Qf3 Nc6 13. 0-0-0 Nc5 14. h4 Nd4 15. Qh3 Qf6 16. g4 Rae8 17. Be3 Nde6 18. f5 gxf5 19. gxf5 Nd8 20. Bg5 Qe5 21. f4 Qe3+ 22. Qxe3 Rxe3 23. f6 h6 24. fxg7 Kxg7 25. Bxd8 Rxd8 26. Rg1+ Kf8 27. Nd5 Re4 28. f5 Rxh4 29. f6 Nd7 30. Bd3 c6 31. Bh7 Nxf6 32. Nxf6 Rxc4+ 33. Kb1 Ke7 34. Rgf1 d5 35. Rde1+ Kd6 36. b3 Rb4 37. Ne8+ Kc5 38. Rxf7 a5 39. Nc7 Rh8 40. Ne6+ Kd6 41. Ng7 a4 42. Nf5+ Kc5 43. Rc1+ Kb6 44. Nd6 Rb8 45. Bf5 axb3 46. Nc8+ Ka5 47. a3 Rf4 48. Rc5+ Ka4 49. Nb6+ Kxa3 50. Ra5+ 1-0

[Event "BCF-chT4 1516 (4NCL)"]
[Site "England"]
[Date "2015.11.15"]
[Round "2.38"]
[White "Balakrishnan, Kathirvel"]
[Black "Idle, Oscar J"]
[Result "0-1"]
[WhiteElo "1535"]
[BlackElo "1765"]
[PlyCount "98"]
[EventDate "2015.11.14"]
[EventType "team-swiss"]
[EventRounds "11"]
[EventCountry "ENG"]
[SourceTitle "EXT 2017"]
[Source "ChessBase"]
[SourceDate "2016.10.25"]
[SourceVersion "1"]
[SourceVersionDate "2016.10.25"]
[SourceQuality "1"]
[WhiteTeam "Iceni II"]
[BlackTeam "Oxford III"]
[WhiteTeamCountry "ENG"]
[BlackTeamCountry "ENG"]

1. d4 Nf6 2. c4 e6 3. Nf3 Bb4+ 4. Bd2 Qe7 5. a3 Bxd2+ 6. Nbxd2 d5 7. e3 0-0 8. cxd5 exd5 9. Bd3 Bg4 10. Qc2 Re8 11. Ne5 Bh5 12. h3 c6 13. g4 Bg6 14. Nxg6 fxg6 15. 0-0-0 Nbd7 16. Rde1 Rac8 17. Qd1 c5 18. Kb1 c4 19. g5 cxd3 20. gxf6 Qxf6 21. Rh2 Rc2 22. Qf3 Rxd2 23. Qxd5+ Qe6 24. Qa5 Rc2 25. Rc1 Qb3 26. Rxc2 Qxc2+ 27. Ka2 d2 28. Rh1 d1Q 29. Rxd1 Qxd1 30. Qd5+ Kf8 31. Qxd7 Qf3 32. Qd6+ Kg8 33. Qh2 Rf8 34. Kb3 Qxf2 35. Qxf2 Rxf2 36. Kc3 Kf7 37. b4 Ke6 38. Kc4 Rf3 39. d5+ Ke5 40. e4 Re3 41. d6 Kxd6 42. h4 Rxe4+ 43. Kb5 Rxh4 44. a4 b6 45. a5 bxa5 46. Kxa5 g5 47. b5 Kc5 48. Ka6 Ra4+ 49. Kb7 Kxb5 0-1

[Event "BCF-ch U15"]
[Site "Coventry"]
[Date "2015.07.30"]
[Round "5"]
[White "Boswell, Jacob Connor"]
[Black "Idle, Oscar J"]
[Result "0-1"]
[WhiteElo "1558"]
[BlackElo "1692"]
[PlyCount "82"]
[EventDate "2015.07.27"]
[EventType "swiss"]
[EventRounds "7"]
[EventCountry "ENG"]
[SourceTitle "CBM 167 Extra"]
[Source "ChessBase"]
[SourceDate "2015.09.14"]
[SourceVersion "1"]
[SourceVersionDate "2015.09.14"]
[SourceQuality "1"]

1. e4 c5 2. Nf3 d6 3. d4 cxd4 4. Nxd4 Nf6 5. Nc3 a6 6. Be3 Qc7 7. Be2 e6 8. 0-0 Be7 9. Qd2 b5 10. a3 Bb7 11. f3 Nbd7 12. Rad1 0-0 13. Bd3 Nc5 14. Nde2 Rfd8 15. Ng3 Nxd3 16. cxd3 d5 17. Qf2 Rd7 18. Rc1 Qd8 19. Bb6 Qb8 20. Rce1 dxe4 21. fxe4 Bd6 22. Nce2 Ng4 23. Qf3 Ne5 24. Qe3 Ng4 25. Qg5 Ne5 26. Bd4 h6 27. Qh4 Ng6 28. Qg4 Qe8 29. Bxg7 Kxg7 30. Nh5+ Kh8 31. Nf6 Qd8 32. Nxd7 Qxd7 33. Ng3 Bxg3 34. Qxg3 Rf8 35. Rf6 Qd4+ 36. Rf2 Ne5 37. Re3 Rc8 38. Qf4 Ng4 39. Rff3 Rc1+ 40. Rf1 Qxe3+ 41. Qxe3 Rxf1+ 0-1